| 000 | 00403nam a2200157 a 4500 | ||
|---|---|---|---|
| 005 | 20140412111406.0 | ||
| 008 | 110408s19uu xx 00 eng d | ||
| 020 | _a0-07-569558-8 | ||
| 050 |
_aTR(GS 372.4 _bB35 2002 |
||
| 245 | _aWriter's workbook. | ||
| 260 |
_aOhio : _bMcgraw-hill, _c2002. |
||
| 300 | _a51p. | ||
| 440 | _aSRA Open Court Reading | ||
| 500 | _aBlackline masters | ||
| 999 |
_c105553 _d105553 |
||